Statistics for All Teams that ever played in Serie A on the Map of Italy

Click here to take the quiz!

General Stats

  • This quiz has been taken 1,187 times
  • The average score is 41 of 66

Answers on the Map

Answers color-coded by a green-red scale on the quiz's map according to % correct below.
 

Answer Stats

#CityTeam% Correct
83MilanMilan
98%
84RomeRoma
98%
85MilanInternazionale
96%
84TurinJuventus
96%
74RomeLazio
96%
71NaplesNapoli
96%
73TurinTorino
93%
79FlorenceFiorentina
92%
50GenoaGenoa
91%
29PalermoPalermo
91%
37CagliariCagliari
89%
70BolognaBologna
87%
30BariBari
86%
60GenoaSampdoria
86%
27VeronaHellas Verona
85%
56BergamoAtalanta
84%
44UdineUdinese
83%
24ParmaParma
82%
12VeneziaVenezia
79%
17CataniaCatania
75%
15LecceLecce
75%
15VeronaChievo
73%
22BresciaBrescia
71%
7PisaPisa
70%
4SassuoloSassuolo
70%
18LivornoLivorno
65%
5MessinaMessina
65%
7PescaraPescara
63%
13PerugiaPerugia
62%
1CrotoneCrotone
61%
12EmpoliEmpoli
61%
2SalernoSalernitana
61%
13ComoComo
59%
13ModenaModena
58%
9Reggio CalabriaReggina
58%
16FerraraSPAL
58%
30VicenzaVicenza
58%
1FrosinoneFrosinone
56%
2AnconaAncona
55%
9SienaSiena
55%
16PaduaPadova
54%
26TriesteTriestina
54%
16AscoliAscoli
53%
11FoggiaFoggia
53%
13CesenaCesena
50%
8PiacenzaPiacenza
50%
13NovaraNovara
49%
10AvellinoAvellino
48%
7CatanzaroCatanzaro
48%
13AlessandriaAlessandria
47%
7CremonaCremonese
46%
6VercelliPro Vercelli
46%
3Reggio EmiliaReggiana
46%
2TerniTernana
42%
7VareseVarese
41%
1CarpiCarpi
40%
7MantovaMantova
40%
1TrevisoTreviso
40%
3LeccoLecco
36%
8LuccaLucchese
30%
1PistoiaPistoiese
29%
4Casale MonferratoCasale
28%
12Busto ArsizioPro Patria
28%
5GenoaLiguria
18%
3LegnanoLegnano
16%
3GenoaSampierdarenese
16%

Score Distribution

Percentile by Number Answered

Percent of People with Each Score

Your Score History

You have not taken this quiz